Antropología, desarrollo y el desafío posmoderno /
সংরক্ষণ করুন:
| প্রধান লেখক: | |
|---|---|
| অন্যান্য লেখক: | |
| বিন্যাস: | গ্রন্থ |
| ভাষা: | স্প্যানিশ |
| প্রকাশিত: |
Toluca, México :
El Colegio Mexiquense,
2003, c2003
|
| বিষয়গুলি: | |
| ট্যাগগুলো: |
কোনো ট্যাগ নেই, প্রথমজন হিসাবে ট্যাগ করুন!
|
MARC
| LEADER | 00000nam^a2200000^a^4500 | ||
|---|---|---|---|
| 001 | 000174364 | ||
| 005 | 20250521000000.0 | ||
| 009 | 20260310101526.272 | ||
| 020 | |a 970-669-053-0 | ||
| 037 | |a Acervo ITESO - Biblioteca | ||
| 041 | |a ESP | ||
| 082 | |a 300. |b GAR | ||
| 100 | |a Gardner, Katy |e (autor) | ||
| 240 | 1 | 1 | |a [Antropología, desarrollo y el desafío posmoderno] |
| 245 | 1 | 0 | |a Antropología, desarrollo y el desafío posmoderno / |c K. Gardner, D. Lewis ; tr. por Gabriela Bayona Trejo. |
| 264 | 4 | |a Toluca, México : |b El Colegio Mexiquense, |c 2003, c2003 | |
| 300 | |a 267 p. | ||
| 336 | |a texto |b txt |2 rdacontenido | ||
| 337 | |a sin mediación |b n |2 rdamedio | ||
| 338 | |a volumen |b nc |2 rdasoporte | ||
| 500 | |a Traducción de: Anthropology, Development and the Post-Modern Challenge | ||
| 649 | |a XX | ||
| 650 | |a Cambios Sociales y Culturales | ||
| 650 | |a Modernidad y Posmodernidad - |x Aspectos Económicos - |x Tema Principal | ||
| 650 | |a Desarrollo Económico-Social - |x Aspectos Sociales y Culturales - |x Tema Principal | ||
| 650 | |a Geografía Económica | ||
| 650 | |a Antropología - |x Tema Principal | ||
| 650 | |a Sociología de la Economía | ||
| 700 | |a Lewis, David |e (autor) | ||
| 910 | |a Fondo General | ||
| 920 | |a Impresos - Libros | ||
| 930 | |a Colección General | ||
| 905 | |a 101 | ||
| 901 | |a 0500112458 |b IT1 |c ACC |u 20250521 | ||
| 902 | |a https://opac.biblio.iteso.mx/vufind/Record/000174364 | ||